01090nam a2200193Ia 4500008004100000020001500041041001200056100001800068245005100086260002900137300000800166650001000174942000700184999001700191952017200208952017200380952017200552952017200724221030s9999 xx 000 0 und d a8123904533 aEnglish aN. W. Gokhale 0aTheory of Structural Geologycby N. W. Gokhale bCBS PubaNew Delhic2010 a224 aCivil cBK c14965d14965 pBE 13372g130.00i3493l0eRKBr2024-06-13 00:00:00w2022-10-30yBK003Print4070aMIETLIBbMIETLIBcBL-Academic Block B, FL-2, CUP-112, SH-5, R-5d2013-09-0710HBE pBE 13373g130.00i3493l0eRKBr2024-06-13 00:00:00w2022-10-30yBK003Print4070aMIETLIBbMIETLIBcBL-Academic Block B, FL-2, CUP-112, SH-5, R-5d2013-09-0710HBE pBE 13374g130.00i3493l0eRKBr2024-06-13 00:00:00w2022-10-30yBK003Print4070aMIETLIBbMIETLIBcBL-Academic Block B, FL-2, CUP-112, SH-5, R-5d2013-09-0710HBE pBE 13375g130.00i3493l0eRKBr2024-06-13 00:00:00w2022-10-30yBK003Print4070aMIETLIBbMIETLIBcBL-Academic Block B, FL-2, CUP-112, SH-5, R-5d2013-09-0710HBE